Fuel and energy / (Record no. 185007)
[ view plain ]
| 000 -LEADER | |
|---|---|
| fixed length control field | 00941 a2200253 4500 |
| 003 - CONTROL NUMBER IDENTIFIER | |
| control field | Nust |
| 005 - DATE AND TIME OF LATEST TRANSACTION | |
| control field | 20230119162319.0 |
| 010 ## - LIBRARY OF CONGRESS CONTROL NUMBER | |
| LC control number | 90023743 |
| 020 ## - INTERNATIONAL STANDARD BOOK NUMBER | |
| International Standard Book Number | 0836800524 |
| 040 ## - CATALOGING SOURCE | |
| Transcribing agency | Nust |
| 082 00 - DEWEY DECIMAL CLASSIFICATION NUMBER | |
| Classification number | 662.6,SEI |
| 100 1# - MAIN ENTRY--PERSONAL NAME | |
| Personal name | Seidenberg, Steven. |
| 9 (RLIN) | 105111 |
| 245 10 - TITLE STATEMENT | |
| Title | Fuel and energy / |
| Statement of responsibility, etc. | Steven Seidenberg. |
| 250 ## - EDITION STATEMENT | |
| Edition statement | North American ed. |
| 260 ## - PUBLICATION, DISTRIBUTION, ETC. | |
| Place of publication, distribution, etc. | Milwaukee : |
| Name of publisher, distributor, etc. | Gareth Stevens Children's Books, |
| Date of publication, distribution, etc. | 1992. |
| 300 ## - PHYSICAL DESCRIPTION | |
| Extent | 64 p. : |
| Other physical details | ill. ; |
| Dimensions | 25 cm. |
| 440 #0 - SERIES STATEMENT/ADDED ENTRY--TITLE | |
| Title | Gareth Stevens information library |
| 9 (RLIN) | 100120 |
| 505 ## - FORMATTED CONTENTS NOTE | |
| Formatted contents note | Fuel and Energy (Page-4), Wood (Page-8), Water (Page-12), Wind (Page-18), Fossil Fuels (Page-24), Coal (Page-26), Oil (Page-36), Gas (Page-44), Nuclear Power (Page-48), Electricity (Page-52), The Future (Page-56). |
| 650 #0 - SUBJECT ADDED ENTRY--TOPICAL TERM | |
| Topical term or geographic name entry element | Fuel |
| General subdivision | Juvenile literature. |
| 9 (RLIN) | 107156 |
| 650 #0 - SUBJECT ADDED ENTRY--TOPICAL TERM | |
| Topical term or geographic name entry element | Fuel. |
| 9 (RLIN) | 44800 |
| 650 #0 - SUBJECT ADDED ENTRY--TOPICAL TERM | |
| Topical term or geographic name entry element | Power resources |
| General subdivision | Juvenile literature. |
| 9 (RLIN) | 105110 |
| 650 #0 - SUBJECT ADDED ENTRY--TOPICAL TERM | |
| Topical term or geographic name entry element | Power resources. |
| 9 (RLIN) | 3458 |
| 942 ## - ADDED ENTRY ELEMENTS (KOHA) | |
| Source of classification or shelving scheme | |
| Koha item type | Book |
| Withdrawn status | Lost status | Source of classification or shelving scheme | Damaged status | Not for loan | Permanent Location | Current Location | Shelving location | Date acquired | Full call number | Barcode | Date last seen | Price effective from | Koha item type | Public note |
|---|---|---|---|---|---|---|---|---|---|---|---|---|---|---|
| Military College of Signals (MCS) | Military College of Signals (MCS) | General Stacks | 12/12/2016 | 662.6,SEI | MCS2058 | 12/08/2016 | 12/12/2016 | Book | Almirah No.55, Shelf No.4 |
